Detalles MARC
| 000 -LEADER |
| fixed length control field |
01596nam a2200397 a 4500 |
| 005 - FECHA ULTIMA MODIFICACION |
| control field |
20240514123610.0 |
| 008 - CAMPO DE CONTROL (LIBRO) |
| fixed length control field |
100309s2009||||sp il. f |||| 001 0 spa d |
| 020 ## - INTERNATIONAL STANDARD BOOK NUMBER |
| ISBN |
9788480864947 |
| 041 ## - CODIGO DE IDIOMA |
| Código de idioma del texto/pista de sonido o título separado |
spa |
| 092 ## - SIGNATURA TOPOGRAFICA DEWEY LOCAL |
| número de clasificación |
616 |
| libristica |
30 |
| sección |
GOL |
| 100 1# - ENTRADA PRINCIPAL--NOMBRE PERSONAL |
| Nombre personal |
Goldman, Lee |
| Función |
Edit. |
| 9 (RLIN) |
1800 |
| 245 ## - TITULO PROPIAMENTE DICHO |
| Título |
CECIL. Tratado de Medicina Interna. |
| Subtítulo y Título paralelo |
T.1 / |
| Mención de responsabilidad y remanente de la transcripción de la portada |
Lee Goldman |
| 250 ## - MENCION DE EDICION |
| Mención de edición |
23a ed. versión en español de la 23 ed. de la obra original en inglés |
| Mención de responsabilidad relacionada con la ed. |
Revisión científica y técnica Carlos Barros Aguado [et. al] |
| 260 ## - PIE DE IMPRENTA |
| Lugar de publicación, distribución, etc |
Barcelona: |
| Nombre de la editorial, distribuidor, etc |
Elsevier ; Saunders; |
| Fecha de publicación |
2009. |
| 300 ## - DESCRIPCION FISICA |
| Extension |
1-1600 p. |
| 500 ## - NOTA GENERAL |
| Nota general |
Goldman, L. y Ausiello, D. (Eds.). (2009). CECIL. Tratado de medicina interna. T.1 (23a ed.). Barcelona : Elsevier ; Saunders. |
| 590 ## - NOTAS LOCALES (RLIN) |
| Nota local |
Hemeroteca Abril 2024 |
| 653 ## - TÉRMINO INDIZADO - PALABRAS CLAVES |
| Palabra clave |
Aspectos éticos y sociales en medicina |
| 653 ## - TÉRMINO INDIZADO - PALABRAS CLAVES |
| Palabra clave |
Fundamentos de evaluación y tratamiento |
| 653 ## - TÉRMINO INDIZADO - PALABRAS CLAVES |
| Palabra clave |
Aspectos preventivos y medioambientales |
| 653 ## - TÉRMINO INDIZADO - PALABRAS CLAVES |
| Palabra clave |
Envejecimiento y medicina geriátrica |
| 653 ## - TÉRMINO INDIZADO - PALABRAS CLAVES |
| Palabra clave |
Farmacología clínica |
| 653 ## - TÉRMINO INDIZADO - PALABRAS CLAVES |
| Palabra clave |
Genética |
| 653 ## - TÉRMINO INDIZADO - PALABRAS CLAVES |
| Palabra clave |
Principios de inmunología e inflamación |
| 653 ## - TÉRMINO INDIZADO - PALABRAS CLAVES |
| Palabra clave |
Enfermedades cardiovasculares |
| 653 ## - TÉRMINO INDIZADO - PALABRAS CLAVES |
| Palabra clave |
Enfermedades del aparato respiratorio |
| 653 ## - TÉRMINO INDIZADO - PALABRAS CLAVES |
| Palabra clave |
Medicina intensiva |
| 653 ## - TÉRMINO INDIZADO - PALABRAS CLAVES |
| Palabra clave |
Enfermedades renales y genitourinarias |
| 653 ## - TÉRMINO INDIZADO - PALABRAS CLAVES |
| Palabra clave |
Enfermedades gastrointestinales |
| 653 ## - TÉRMINO INDIZADO - PALABRAS CLAVES |
| Palabra clave |
Enfermedades del higado, de la vesicula y de las vías biliares |
| 653 ## - TÉRMINO INDIZADO - PALABRAS CLAVES |
| Palabra clave |
Enfermedades hematológicas |
| 653 ## - TÉRMINO INDIZADO - PALABRAS CLAVES |
| Palabra clave |
Oncología |
| 653 ## - TÉRMINO INDIZADO - PALABRAS CLAVES |
| Palabra clave |
Trastornos metabólicos |
| 700 1# - ENTRADAS SECUNDARIAS - NOMBRE PERSONAL |
| Nombre personal |
Ausiello, Dennis |
| Función |
Editor |
| 9 (RLIN) |
1801 |
| 942 ## - ADDED ENTRY ELEMENTS (KOHA) |
| Source of classification or shelving scheme |
Dewey Decimal Classification |
| Item type |
Libros |
| Koha issues (borrowed), all copies |
1 |